[Event "Karakol Derbishev Memorial"]
[Site "Karakol"]
[Date "2017.??.??"]
[Round "7"]
[White "Isakjanov, Kelsinbek"]
[Black "Kerimzhanov, Azamat"]
[Result "1-0"]
[WhiteElo "2071"]
[BlackElo "1898"]
[PlyCount "65"]
[EventDate "2017.08.16"]
[EventType "swiss"]
[EventRounds "9"]
[EventCountry "KGZ"]
[SourceTitle "CBM 180 Extra"]
[Source "ChessBase"]
[SourceDate "2017.10.06"]
[SourceVersion "1"]
[SourceVersionDate "2017.10.06"]
[SourceQuality "1"]

1. d4 d5 2. c4 e6 3. Nf3 Nf6 4. Nc3 c6 5. e3 Bd6 6. Bd3 0-0 7. 0-0 Nbd7 8. e4 dxc4 9. Bxc4 e5 10. Bg5 b5 11. Bb3 b4 12. Ne2 Qc7 13. Qc2 Ba6 14. Rfd1 Bxe2 15. Qxe2 exd4 16. Bxf6 gxf6 17. Nxd4 Rae8 18. Nf5 Bxh2+ 19. Kh1 Qf4 20. Qh5 Ne5 21. Qxh2 Qxf2 22. Qh6 Qxf5 23. exf5 Ng4 24. Qf4 Re4 25. Qxe4 Nf2+ 26. Kh2 Nxe4 27. Rd4 Ng5 28. Rxb4 Re8 29. Rc1 Kg7 30. Rxc6 Re2 31. Rc2 Re5 32. Rf2 h5 33. Bd1 1-0

[Event "Karakol Derbishev Memorial"]
[Site "Karakol"]
[Date "2017.??.??"]
[Round "8"]
[White "Kerimzhanov, Azamat"]
[Black "Alybaev, Bolot"]
[Result "1-0"]
[WhiteElo "1898"]
[BlackElo "1689"]
[PlyCount "59"]
[EventDate "2017.08.16"]
[EventType "swiss"]
[EventRounds "9"]
[EventCountry "KGZ"]
[SourceTitle "CBM 180 Extra"]
[Source "ChessBase"]
[SourceDate "2017.10.06"]
[SourceVersion "1"]
[SourceVersionDate "2017.10.06"]
[SourceQuality "1"]

1. e4 c5 2. Nf3 d6 3. d4 cxd4 4. Nxd4 Nf6 5. Nc3 a6 6. Be2 b5 7. Bf3 e5 8. Nf5 Bb7 9. 0-0 h6 10. Be3 g6 11. Ng3 Nbd7 12. Qd2 Rc8 13. Rfe1 Qc7 14. a3 Nb6 15. Bxb6 Qxb6 16. Nd5 Bxd5 17. exd5 Bg7 18. Ne4 Nxe4 19. Bxe4 f5 20. Bd3 e4 21. c3 0-0 22. Bc2 Rfe8 23. Qf4 Re5 24. Rad1 Qc5 25. h4 Rxd5 26. Bb3 g5 27. hxg5 Be5 28. Qxf5 Rf8 29. Qg6+ Bg7 30. Bxd5+ 1-0

[Event "Karakol Derbishev Memorial"]
[Site "Karakol"]
[Date "2017.??.??"]
[Round "2"]
[White "Solomko, Artur"]
[Black "Kerimzhanov, Azamat"]
[Result "0-1"]
[WhiteElo "1374"]
[BlackElo "1898"]
[PlyCount "110"]
[EventDate "2017.08.16"]
[EventType "swiss"]
[EventRounds "9"]
[EventCountry "KGZ"]
[SourceTitle "CBM 180 Extra"]
[Source "ChessBase"]
[SourceDate "2017.10.06"]
[SourceVersion "1"]
[SourceVersionDate "2017.10.06"]
[SourceQuality "1"]

1. e4 e5 2. Nf3 Nc6 3. Bb5 a6 4. Ba4 Nf6 5. 0-0 Be7 6. Re1 b5 7. Bb3 d6 8. c3 Na5 9. Bc2 0-0 10. h3 c5 11. d4 cxd4 12. cxd4 exd4 13. Nxd4 Bb7 14. Nf5 Qc7 15. Nc3 Nc4 16. Nd5 Nxd5 17. exd5 Bf6 18. Qd3 g6 19. Nh6+ Kh8 20. Ng4 Bg7 21. Bh6 Ne5 22. Bxg7+ Kxg7 23. Nxe5 dxe5 24. Rac1 Qd6 25. Bb3 Rfd8 26. Qg3 f6 27. Rc2 Rac8 28. Rec1 Rxc2 29. Rxc2 Rc8 30. Rxc8 Bxc8 31. Qc3 Bb7 32. a3 Kf7 33. Qa5 f5 34. a4 b4 35. Qc7+ Qxc7 36. d6+ Kf6 37. dxc7 h6 38. Bd5 Bc8 39. Kf1 Ke7 40. Bf7 g5 41. Ke2 h5 42. b3 Bb7 43. g3 Kd7 44. Kd3 Kxc7 45. Kc4 Kd6 46. Kxb4 Bd5 47. Bxd5 Kxd5 48. Ka5 Kc5 49. Kxa6 f4 50. Kb7 fxg3 51. fxg3 e4 52. a5 e3 53. a6 e2 54. a7 e1Q 55. a8Q Qe4+ 0-1